000 00356 a2200145 4500
005 20250629140751.0
020 _a0673154866
082 _a658.8 KIN
100 _aKINNEAR,T.
245 _aPrinciples or Marketing
260 _aNew York
_bSCOTT,FORESMAN and Company
_c1983.
300 _axvi,920p.
_bindex
_c23cm.
700 _aBERNHARDT,K.
942 _2ddc
_cBKS
999 _c6387
_d6387